• 首页
  • 本馆介绍
  • 公告通知
  • 最新文献
  • 馆藏检索
  • 电子资源
  • 读者导购
  • 参考咨询
  • 我的图书馆
  • 登录
  • 详细信息显示
  • 放入我的书架
  • 预约/预借图书
  • 作者相关作品
  • 分类相关作品
  • 丛书相关作品
  • 出版社相关作品

书目信息

  • 表格格式
  • 工作单格式
  • 卡片格式
题名:
美军生存手册
    
 
作者: ;张雪兰 , 贾士娥 译 ;美国陆军司令部 制定
分册:  
出版信息: 北京   中央编译出版社  2010.10
页数: 549页
开本: 21cm
丛书名:
单 册:
中图分类: E13-62
科图分类:
主题词: 生存--应用训练--手册 , 生存 , 应用训练
电子资源:
ISBN: 978-7-5117-0509-9
000 00993nam0 2200289 450
001 012007121036
005 20130609082457.96
010    @a978-7-5117-0509-9@dCNY38.00@z7-5117-0509-X
100    @a20100929d2010 em y0chiy0110 ea
101 1  @achi@ceng
102    @aCN@b110000
105    @aa z 000yy
106    @ar
200 1  @a美军生存手册@9mei jun sheng cun shou ce@dU.S. army survival manual@e体验版@f美国陆军司令部制定@g张雪兰,贾士娥译@zeng
210    @a北京@c中央编译出版社@d2010.10
215    @a549页@c图,照片@d21cm
330    @a本书详细介绍了在各种气侯和条件下的医疗、工具制造、食物和水的获得、搭建避身场所、辨别方向等种种技能。
510 1  @aU.S. army survival manual@zeng
606 0  @a生存@x应用训练@j手册
606 0  @a生存
606 0  @a应用训练
690    @aE13-62@v4
702  0 @a张雪兰@9zhang xue lan@4译
702  0 @a贾士娥@9jia shi e@4译
711 02 @a美国陆军司令部@9mei guo lu jun si ling bu@4制定
801  0 @aCN@bRENTIAN@c20100929
905    @dE13-62@e62
    
    美军生存手册=U.S. army survival manual:体验版/美国陆军司令部制定/张雪兰,贾士娥译.-北京:中央编译出版社,2010.10
    549页:图,照片;21cm
    
    
    ISBN 978-7-5117-0509-9:CNY38.00
    本书详细介绍了在各种气侯和条件下的医疗、工具制造、食物和水的获得、搭建避身场所、辨别方向等种种技能。
●
相关链接 在E读中查询图书 在五车中查询图书 在当当中查询图书 在豆瓣中查询图书


正题名:美军生存手册     索取号:E13-62/62         预约/预借

序号 登录号 条形码 馆藏地/架位号 状态 备注
1 0545367   205453677   第一样本阅览室/ [索取号:E13-62/62] 在馆    
2 0545368   205453686   第一借阅区/ [索取号:E13-62/62] 在馆    
3 0545369   205453695   第一借阅区/ [索取号:E13-62/62] 在馆    
4 0545370   205453702   第一借阅区/ [索取号:E13-62/62] 在馆    
5 0545371   205453711   第一借阅区/ [索取号:E13-62/62] 在馆    
唐山师范学院图书馆 欢迎您!
大连网信软件有限公司© 版权所有